Biblioteca

Pablo de Tarso, Israel y los gentiles : (Registro nro. 63711)

Detalles MARC
000 -LÍDER
Campo fijo de descripción fija 02542nab a22003854i 4500
001 - NÚMERO DE CONTROL
Campo de control 768714001
003 - IDENTIFICADOR DEL NÚMERO DE CONTROL
Campo de control CO-MdFUSB
005 - FECHA Y HORA DE LA ULTIMA TRANSACCIÓN
control field 20200415175009.0
007 - CAMPO FIJO DE DESCRIPCIÓN FIJA--INFORMACIÓN GENERAL
Campo fijo de descripción fija cr cn|||||||||
008 - ELEMENTOS DE LONGITUD FIJA -- INFORMACIÓN GENERAL
Campo fijo de descripción fija -- Información general 150321t20159999sp ar go 0 b0spa d
020 ## - NÚMERO INTERNACIONAL NORMALIZADO PARA LIBROS
Número Internacional Normalizado del libro [No incluye ISBN]
040 ## - FUENTE DE CATALOGACIÓN
Agencia de catalogación original CO-MdFUSBC
Idioma de catalogación spa
Convenciones de la descripción rda
Agencia que realiza la transcripción CO-MdFUSB
Agencia que realiza la modificación CO-MdFUSBC
041 ## - CÓDIGO DE IDIOMA
Código de idioma para texto/pista de sonido o título separado spa
082 04 - NÚMERO DE CLASIFICACIÓN DECIMAL DEWEY
Número de clasificación 200
Número de la edición del Dewey 23
100 1# - ASIENTO PRINCIPAL--NOMBRE PERSONAL
Nombre personal Segovia, Carlos A.
Término relacionador autor
245 10 - TÍTULO
Título del Material Pablo de Tarso, Israel y los gentiles :
Parte restante del título - Subtitulo el nuevo enfoque radical sobre Pablo y el cariz judío de su mensaje
Mención de responsabilidad, etc. / Carlos A. Segovia.
Medio físico [recurso electrónico]
264 #1 - PRODUCCIÓN, PUBLICACIÓN, DISTRIBUCIÓN, MANUFACTURA, Y COPYRIGHT
Lugar de producción, publicación, distribución, manufactura Madrid, España :
Nombre del productor, publicador, distribuidor Trotta,
Fecha de producción, publicación, distribución, manufactura, o copyright [2015]
264 #5 - PRODUCCIÓN, PUBLICACIÓN, DISTRIBUCIÓN, MANUFACTURA, Y COPYRIGHT
Fecha de producción, publicación, distribución, manufactura, o copyright © 2015
300 ## - DESCRIPCIÓN FÍSICA
Extensión recurso en línea (36 páginas)
Dimensiones ;
336 ## - TIPO DE CONTENIDO
Término de tipo de contenido texto
Fuente rdacontent
Código de tipo de contenido txt
337 ## - TIPO DE MEDIO
Nombre del tipo de medio informático
Fuente rdamedia
Código del tipo de medio c
338 ## - TIPO DE SOPORTE
Nombre del tipo de soporte remoto
Fuente rdacarrier
Código Tipo de soporte cr
347 ## - CARACTERÍSTICAS DEL ARCHIVO DIGITAL
Fuente rda
Tipo de archivo fichero de texto
Formato de codificación Html
490 1# - MENCIÓN DE SERIE
Mención de serie Bandue: Revista de la Sociedad Española de Ciencias de las Religiones.
505 ## - NOTA DE CONTENIDO
Nota de contenido con formato preestablecido Lo que el budismo no es (y lo que pudiera ser): Juan Arnau . -- Has the Hypothesis of a Seditionist Jesus Been Dealt a Fatal Blow? A Systematic Answer to the Doubters / Fernando Bermejo Rubio. -- Dimensión institucional, jurídica y constitucional de los Acuerdos entre el Estado español y la Santa Sede de 1979: / Óscar Celador Angón. -- «Ocho estrofas sobre Anuttara » ( Anuttar āṣṭikā ). Plegaria atribuida a Abhinavagupta: Óscar Figueroa Castro. -- Claves para una hermenéutica de diálogo entre Averroes y Abenarabi: Francisco López Cedeño. -- El objeto ausente. Sobre la desdichada objetividad del objeto: Grecy Pérez Amores. -- La leyenda de los asesinos. Mito, textos y correlatos a partir de la obra Alamut de Vladimir Bartol: Sergio Pou Hernández. -- Historia y Cultura de las Religiones: una experiencia docente: Roberto Carlos Rodríguez González. -- Pablo de Tarso, Israel y los gentiles. El nuevo enfoque radical sobre Pablo y el cariz judío de su mensaje: Carlos A. Segovia
516 ## - NOTA DE TIPO DE ARCHIVO O DATOS DE COMPUTADOR
Nota de tipo de archivo o datos de computador Texto electrónico<br/>
538 ## - NOTA DE DETALLES DEL SISTEMA
Nota de detalles del sistema Acceso a Internet; requiere usuario y clave asignada por la biblioteca<br/>
650 #4 - ASIENTO SECUNDARIO DE MATERIA - TERMINO TEMÁTICO
Término temático o nombre geográfico como elemento de entrada Religión
Subdivisión de forma Publicaciones periódicas.
830 ## - PUNTO DE ACCESO ADICIONAL DE SERIE - TÍTULO UNIFORME
Título uniforme Bandue: Revista de la Sociedad Española de Ciencias de las Religiones.
Designación de volumen o secuencia 7
856 40 - LOCALIZACIÓN Y ACCESO ELECTRÓNICOS
Identificador Uniforme del Recurso <a href="http://site.ebrary.com/lib/unisbcsp/Doc?id=11013388">http://site.ebrary.com/lib/unisbcsp/Doc?id=11013388</a>
Numero de Acceso 11013388
Nota dirigida al público <a href="Abrir Versión electrónica del libro ">Abrir Versión electrónica del libro </a>
942 ## - TIPO DE MATERIAL (KOHA)
Tipo de Item KOHA Libros General
945 ## - INFORMACIÓN LOCAL DEL REGISTRO
Catalogador JTF-925
Existencias
Estado de Material Estado de Perdido Forma de Clasificación Estado de Dañado No para Préstamo Colección Biblioteca de Origen Biblioteca Permanente Ubicación en Estantería Fecha de Adquisición Área Total de Préstamos Código de Barras Última vez visto Ejemplar/Existencia Url Tipo de Material Nota Pública
    Dewey Decimal Classification     Colección Libros Electrónicos Biblioteca FUSBC Biblioteca FUSBC Libro electrónico 15/04/2020 RELIGIÓN - RELIGIONES   ID11013388 18/04/2016 Ej.1 https://bit.ly/2XDWile Libro electrónico LIBRO ELECTRÓNICO - Seguir link de acceso.

Biblioteca FUSBC | Teléfono: (57+4) 349 88 10 Ext. 141| WhatsApp (+57) 3005338115 
E-mail: biblioteca@unisbc.edu.co | Calle 76 87-14 Robledo Palenque, Medellín, Colombia

Con tecnología Koha